00428 2200169 4500001002100000005001500021035002000036245004000056100001100096250001700107300003300124260004600157082000800203084001400211020002200225650001100247INLIS00000000000025720240530092152 a0010-05240001791 aMengembangkan Sapi Potong /cAsyari0 aAsyari acetakan ke-1 avi, 170 hlm :bilus ;c21 cm aJakarta :bDharma Utama Publishing,c2006 a813 a813 ASY m a978-979-121-207-4 4aCerpen